000 00561nam a22001697a 4500
003 UA-OsUOA
001 14807
007 ta
008 20031019b un ||||| |||| 00| 0 ukr d
942 _cSA
040 _aUA-OsUOA
_cUA-OsUOA
_dUA-OsUOA
245 _aРозширене засідання колегії Державної Податкової адміністрації в області
300 _aС.1
955 _a0
773 0 _w0
_tВісті Рівненщини
_dРівне
_d2003
_g№63/30 лип./
650 7 _aКраєзнавча робота
_2UDC
999 _c300971
_d300971